000 00543nam a2200193Ia 4500
003 GCL
008 140319s9999 xx 000 0 ara d
040 _aGCL /
_cGCL
082 0 4 _a327.11
_bم خ
100 1 _aمصطفى بكرى
245 1 0 _aخطة أغتيال ياسر عرفات /
_cمصطفى بكرى
260 _a[S.N] :
_bسينا للنشر ،
_c1989
300 _a159 ص
490 _a
650 0 4 _aالاغتيال
650 0 4 _aالنزاع العربى الاسرائيلى
650 0 4 _aفلسطين
942 _2ddc
_cBK
999 _c46412
_d46412